Pamätník padlému synovi

Bibliographic Details
Main Author: Šaff, Vojtěch Eduard, 1865-1923 (Author)
Format: Article
Language:Slovak
Subjects:

MARC

LEADER 00000nab a22000001a 4500
001 vtls010311156
003 SK-MaSNL
005 20260303091418.0
008 110914d1927 xo |r|p|||| |000 b|slo
015 |a SNBRRBVU1918-1938 
038 |a SNKBUCL 
040 |a SNKBUVU  |b slo  |c SNKBUCL  |e AACR2 
041 0 |a slo 
044 |a xo  |c SK 
080 |a 730.071.1  |2 1997 
080 |a 725.94  |2 1997 
080 |a 730.027  |2 1997 
100 1 |a Šaff, Vojtěch Eduard,  |d 1865-1923  |4 aut  |9 1099653 
245 1 0 |a Pamätník padlému synovi  |c V. Šaff 
650 0 7 |a české sochárstvo  |2 MM  |9 3045 
650 0 7 |a pomníky  |2 MM  |9 3013 
655 7 |a reprodukcie výtvarných diel  |2 MM  |9 310790 
773 0 |t Vesna  |g Roč. 1, č. 6 (1927), s. 88 
852 |a SNK  |b KIS3GCP 
910 |a snkrbvumm 
958 |a VY 
999 |c 1807428  |d 1809358